[Event "Paracin op 16th"]
[Site "Paracin"]
[Date "2023.07.14"]
[Round "8"]
[White "Bryakin, Mikhail"]
[Black "Gundavaa, Bayarsaihan"]
[Result "1/2-1/2"]
[WhiteElo "2454"]
[BlackElo "2510"]
[PlyCount "40"]
[EventDate "2023.07.07"]
[EventType "swiss"]
[EventRounds "9"]
[EventCountry "SRB"]
[SourceTitle "EXT 2024"]
[Source "ChessBase"]
[SourceDate "2023.10.10"]
[SourceVersion "1"]
[SourceVersionDate "2023.10.10"]
[SourceQuality "1"]

1. d4 Nf6 2. Nc3 d5 3. Bf4 c5 4. e4 Nxe4 5. Nxe4 dxe4 6. dxc5 Qa5+ 7. c3 Qxc5 8. Qa4+ Nc6 9. Qxe4 g6 10. Nf3 Bg7 11. Qe3 Qxe3+ 12. Bxe3 0-0 13. Be2 Be6 14. 0-0 h6 15. Rfd1 Rfd8 16. Nd2 Ne5 17. Bd4 Nc6 18. Be3 Ne5 19. Bd4 Nc6 20. Be3 Ne5 1/2-1/2

[Event "Paracin op 16th"]
[Site "Paracin"]
[Date "2023.07.13"]
[Round "7"]
[White "Gundavaa, Bayarsaihan"]
[Black "Itgelt, Khuyagtsogt"]
[Result "1-0"]
[WhiteElo "2510"]
[BlackElo "2321"]
[PlyCount "105"]
[EventDate "2023.07.07"]
[EventType "swiss"]
[EventRounds "9"]
[EventCountry "SRB"]
[SourceTitle "EXT 2024"]
[Source "ChessBase"]
[SourceDate "2023.10.10"]
[SourceVersion "1"]
[SourceVersionDate "2023.10.10"]
[SourceQuality "1"]

1. d4 Nf6 2. c4 g6 3. Nc3 d5 4. cxd5 Nxd5 5. e4 Nxc3 6. bxc3 Bg7 7. Be3 c5 8. Rc1 Qa5 9. Qd2 0-0 10. Nf3 cxd4 11. cxd4 Qxd2+ 12. Nxd2 e6 13. Nb3 Nc6 14. Bb5 Rd8 15. Bxc6 bxc6 16. 0-0 a5 17. a4 Bf8 18. f3 Bb4 19. Bg5 Re8 20. Bf6 Bd7 21. Rc4 e5 22. Nc5 Bxc5 23. Rxc5 exd4 24. Rd1 Reb8 25. Rxd4 Rb7 26. Kf2 h6 27. h4 h5 28. Kg3 Kf8 29. Kf4 Ke8 30. g4 Kf8 31. gxh5 Be8 32. Re5 c5 33. Rxc5 Kg8 34. Rd8 Rxd8 35. Bxd8 Rb8 36. Bxa5 Bxa4 37. Bc3 Be8 38. hxg6 fxg6 39. Rc7 Bf7 40. Bf6 Ra8 41. Kg5 Ra5+ 42. e5 Ra8 43. f4 Rb8 44. h5 gxh5 45. f5 Re8 46. Be7 h4 47. e6 Bxe6 48. fxe6 h3 49. Kf6 h2 50. Rc1 Ra8 51. Bd6 Ra2 52. e7 Re2 53. Be5 1-0

[Event "Olympiad-44"]
[Site "Chennai"]
[Date "2022.08.06"]
[Round "8.2"]
[White "Kojima, Shinya"]
[Black "Gundavaa, Bayarsaihan"]
[Result "0-1"]
[WhiteElo "2346"]
[BlackElo "2503"]
[PlyCount "94"]
[EventDate "2022.07.29"]
[EventType "team-swiss"]
[EventRounds "11"]
[EventCountry "IND"]
[SourceTitle "CBM 210"]
[Source "ChessBase"]
[SourceDate "2022.10.31"]
[SourceVersion "1"]
[SourceVersionDate "2022.10.31"]
[SourceQuality "1"]
[WhiteTeam "Japan"]
[BlackTeam "Mongolia"]
[WhiteTeamCountry "JPN"]
[BlackTeamCountry "MGL"]

1. e4 c5 2. Nf3 d6 3. Bb5+ Nd7 4. Ba4 Ngf6 5. 0-0 e6 6. d3 a6 7. c4 Be7 8. Nc3 0-0 9. h3 Qc7 10. Re1 Ne5 11. Be3 Nfd7 12. Rb1 Bf6 13. Nh2 Nc6 14. Ng4 Bd4 15. Bxc6 bxc6 16. Bxd4 cxd4 17. Ne2 e5 18. Ng3 a5 19. Qf3 f6 20. h4 Nc5 21. Red1 Qd7 22. Nh2 g6 23. h5 Qg7 24. hxg6 hxg6 25. Qe2 f5 26. f3 Ra7 27. Nhf1 Qf6 28. Nh1 Rh7 29. Nf2 Kg7 30. Qd2 Qd8 31. b3 Rfh8 32. a3 Ne6 33. g3 f4 34. g4 Rh4 35. b4 Ng5 36. Kg2 Qg8 37. b5 Qh7 38. Qxa5 Rh1 39. Qc7+ Nf7 40. Nxh1 Qxh1+ 41. Kf2 Rh3 42. Ke1 Rxf3 43. Kd2 Rf2+ 44. Kc1 Bxg4 45. b6 Bxd1 46. b7 Rc2+ 47. Kxd1 Rf2 0-1

[Event "Olympiad-44"]
[Site "Chennai"]
[Date "2022.08.05"]
[Round "7.3"]
[White "Kozul, Zdenko"]
[Black "Gundavaa, Bayarsaihan"]
[Result "0-1"]
[WhiteElo "2602"]
[BlackElo "2503"]
[PlyCount "82"]
[EventDate "2022.07.29"]
[EventType "team-swiss"]
[EventRounds "11"]
[EventCountry "IND"]
[SourceTitle "CBM 210"]
[Source "ChessBase"]
[SourceDate "2022.10.31"]
[SourceVersion "1"]
[SourceVersionDate "2022.10.31"]
[SourceQuality "1"]
[WhiteTeam "Croatia"]
[BlackTeam "Mongolia"]
[WhiteTeamCountry "CRO"]
[BlackTeamCountry "MGL"]

1. d4 Nf6 2. c4 e6 3. Nf3 d5 4. Nc3 Bb4 5. Bg5 h6 6. Bxf6 Qxf6 7. e3 0-0 8. Rc1 Nc6 9. cxd5 exd5 10. a3 Bxc3+ 11. Rxc3 Ne7 12. b4 a6 13. Ne5 c6 14. Bd3 Bf5 15. a4 Bxd3 16. Qxd3 Qe6 17. 0-0 Rfc8 18. Rfc1 Nf5 19. Qb1 Nd6 20. h3 Re8 21. Rb3 Nc4 22. Nxc4 dxc4 23. Ra3 b5 24. Qb2 Qd6 25. Rca1 Re6 26. f3 f5 27. h4 Rae8 28. axb5 axb5 29. Qd2 Qe7 30. h5 Rxe3 31. Rxe3 Qxe3+ 32. Qxe3 Rxe3 33. Ra6 Rb3 34. Rxc6 Rxb4 35. Rc7 Rb2 36. d5 Kf8 37. Kf1 Rd2 38. Rc5 b4 39. Ke1 c3 40. Rc4 Rxg2 41. Rxb4 Rg1+ 0-1

[Event "Olympiad-44"]
[Site "Chennai"]
[Date "2022.08.01"]
[Round "4.2"]
[White "Gundavaa, Bayarsaihan"]
[Black "Tari, Aryan"]
[Result "1/2-1/2"]
[WhiteElo "2503"]
[BlackElo "2672"]
[PlyCount "83"]
[EventDate "2022.07.29"]
[EventType "team-swiss"]
[EventRounds "11"]
[EventCountry "IND"]
[SourceTitle "CBM 210"]
[Source "ChessBase"]
[SourceDate "2022.10.31"]
[SourceVersion "1"]
[SourceVersionDate "2022.10.31"]
[SourceQuality "1"]
[WhiteTeam "Mongolia"]
[BlackTeam "Norway"]
[WhiteTeamCountry "MGL"]
[BlackTeamCountry "NOR"]

1. d4 Nf6 2. c4 e6 3. g3 d5 4. Nf3 dxc4 5. Bg2 Nbd7 6. 0-0 c6 7. a4 a5 8. Qc2 b5 9. axb5 cxb5 10. Ne5 Nd5 11. Nc3 Nxe5 12. dxe5 Qb6 13. Nxd5 exd5 14. Bxd5 Ra7 15. Qe4 Bc5 16. Bc6+ Bd7 17. Bxd7+ Rxd7 18. Qg4 Rg8 19. Bg5 h6 20. Rfd1 Bxf2+ 21. Kf1 Qe6 22. Qf3 hxg5 23. Rxd7 Qxd7 24. Kxf2 Qa7+ 25. Kf1 Ke7 26. Qf5 Qe3 27. Ra3 Qc1+ 28. Kf2 Rh8 29. h3 Qxb2 30. Qxg5+ Ke8 31. Rf3 Qd4+ 32. Kg2 Qd5 33. Qxg7 Rh5 34. e4 Qe6 35. g4 Rxe5 36. Rf6 Qe7 37. Ra6 Qc7 38. Ra8+ Ke7 39. Qf8+ Kf6 40. Qh6+ Ke7 41. Qf8+ Kf6 42. Qh6+ 1/2-1/2

[Event "Paracin op-A 15th"]
[Site "Paracin"]
[Date "2022.07.14"]
[Round "7"]
[White "Urazayev, Arystanbek"]
[Black "Gundavaa, Bayarsaihan"]
[Result "1-0"]
[WhiteElo "2430"]
[BlackElo "2503"]
[PlyCount "55"]
[EventDate "2022.07.08"]
[EventType "swiss"]
[EventRounds "9"]
[EventCountry "SRB"]
[SourceTitle "CBM 209 Extra"]
[Source "ChessBase"]
[SourceDate "2022.09.30"]
[SourceVersion "1"]
[SourceVersionDate "2022.09.30"]
[SourceQuality "1"]

1. e4 c5 2. Nf3 d6 3. d4 cxd4 4. Nxd4 Nf6 5. Nc3 a6 6. Rg1 e5 7. Nb3 Be6 8. g4 d5 9. exd5 Nxd5 10. Nxd5 Qxd5 11. Qxd5 Bxd5 12. Be3 Nc6 13. 0-0-0 0-0-0 14. Bb6 Rd6 15. Rg3 Bxb3 16. Rxb3 Rxd1+ 17. Kxd1 Bd6 18. Bg2 Bc7 19. Bc5 Rd8+ 20. Ke2 h6 21. h4 f6 22. h5 Bd6 23. Be3 Rd7 24. Bxc6 bxc6 25. Rb6 Rb7 26. Rxc6+ Bc7 27. b3 Rb4 28. c4 1-0

[Event "Paracin op-A 15th"]
[Site "Paracin"]
[Date "2022.07.08"]
[Round "1"]
[White "Lever, Erwan"]
[Black "Gundavaa, Bayarsaihan"]
[Result "0-1"]
[WhiteElo "2178"]
[BlackElo "2503"]
[PlyCount "56"]
[EventDate "2022.07.08"]
[EventType "swiss"]
[EventRounds "9"]
[EventCountry "SRB"]
[SourceTitle "CBM 209 Extra"]
[Source "ChessBase"]
[SourceDate "2022.09.30"]
[SourceVersion "1"]
[SourceVersionDate "2022.09.30"]
[SourceQuality "1"]

1. d4 Nf6 2. c4 g6 3. Nc3 Bg7 4. e4 d6 5. Be2 0-0 6. Nf3 Na6 7. Be3 e5 8. d5 Ng4 9. Bg5 f6 10. Bh4 Qe8 11. h3 Nh6 12. g4 Nf7 13. Nd2 Bh6 14. a3 c5 15. dxc6 bxc6 16. Bxf6 Bg5 17. Bxg5 Nxg5 18. b4 Qf7 19. f3 Qf4 20. Nf1 Nc7 21. Kf2 Nce6 22. Qd2 Qf6 23. Nh2 Nd4 24. Raf1 Nxh3+ 25. Kg3 Nf4 26. Bd1 Qg5 27. Rf2 Qh6 28. a4 Qh3# 0-1

[Event "MGL-ch"]
[Site "Chinggis City"]
[Date "2022.05.23"]
[Round "11"]
[White "Batsuren, Dambasuren"]
[Black "Gundavaa, Bayarsaihan"]
[Result "1/2-1/2"]
[WhiteElo "2501"]
[BlackElo "2495"]
[PlyCount "60"]
[EventDate "2022.05.12"]
[EventType "tourn"]
[EventRounds "11"]
[EventCountry "MGL"]
[EventCategory "7"]
[SourceTitle "CBM 208 Extra"]
[Source "ChessBase"]
[SourceDate "2022.07.31"]
[SourceVersion "1"]
[SourceVersionDate "2022.07.31"]
[SourceQuality "1"]

1. d4 Nf6 2. c4 e6 3. Nc3 Bb4 4. Qc2 0-0 5. a3 Bxc3+ 6. Qxc3 d5 7. Bg5 dxc4 8. Qxc4 b6 9. Rc1 Ba6 10. Qa4 Qd7 11. Qxd7 Nbxd7 12. Bxf6 Nxf6 13. e3 Bxf1 14. Kxf1 c5 15. dxc5 bxc5 16. Nf3 Rab8 17. Rc2 Ne4 18. Ke2 c4 19. Nd2 Nd6 20. Rhc1 h6 21. Nxc4 Nxc4 22. Rxc4 Rxb2+ 23. R1c2 Rfb8 24. Rxb2 Rxb2+ 25. Kf3 Rb3 26. Ra4 Rb7 27. g4 Kf8 28. h4 Ke7 29. Ke4 g5 30. hxg5 hxg5 1/2-1/2

[Event "MGL-ch"]
[Site "Chinggis City"]
[Date "2022.05.21"]
[Round "9"]
[White "Agibileg, Uurtsaikh"]
[Black "Gundavaa, Bayarsaihan"]
[Result "1/2-1/2"]
[WhiteElo "2440"]
[BlackElo "2495"]
[PlyCount "142"]
[EventDate "2022.05.12"]
[EventType "tourn"]
[EventRounds "11"]
[EventCountry "MGL"]
[EventCategory "7"]
[SourceTitle "CBM 208 Extra"]
[Source "ChessBase"]
[SourceDate "2022.07.31"]
[SourceVersion "1"]
[SourceVersionDate "2022.07.31"]
[SourceQuality "1"]

1. d4 d5 2. c4 c6 3. Nf3 Nf6 4. Nc3 dxc4 5. a4 Bf5 6. Ne5 Nbd7 7. Nxc4 Nb6 8. Ne5 a5 9. h4 Nbd7 10. e4 Bxe4 11. Nxe4 Nxe4 12. Qf3 Nxe5 13. Qxe4 Nd7 14. Bc4 e6 15. 0-0 Nf6 16. Qd3 Be7 17. Rd1 Nd5 18. h5 h6 19. Qg3 Bf6 20. Ra3 Qd7 21. Rb3 Nb4 22. Bf4 0-0-0 23. d5 exd5 24. Be2 Bg5 25. Be5 f5 26. Rxb4 axb4 27. a5 Be7 28. a6 Bd6 29. Bd3 Bxe5 30. Qxe5 Rhe8 31. Qd4 Kc7 32. Qxb4 b6 33. Rc1 Qd6 34. Qa4 Re7 35. b4 Rde8 36. a7 Ra8 37. Bb5 Kd8 38. Rxc6 Qe5 39. Qa6 Rexa7 40. Qxb6+ Ke7 41. g3 f4 42. Qc5+ Kf7 43. Bd3 Ra1+ 44. Kg2 f3+ 45. Kxf3 Qxh5+ 46. Kf4 g5+ 47. Ke5 Re1+ 48. Kd4 Qf3 49. Qc2 Rae8 50. Kc5 R8e6 51. b5 Qf6 52. Rc7+ Re7 53. b6 R1e6 54. Rxe7+ Qxe7+ 55. Kb5 Qd7+ 56. Ka5 Qd6 57. Qb2 Qc5+ 58. Ka6 h5 59. Qb1 Rxb6+ 60. Qxb6 Qa3+ 61. Kb7 Qxd3 62. Qc7+ Ke6 63. Qc8+ Ke5 64. Qe8+ Kd4 65. Qxh5 Qb3+ 66. Kc6 Qc2+ 67. Kd6 Qxf2 68. Qg4+ Kd3 69. Kxd5 Qe3 70. Qd1+ Kc3 71. g4 Qf4 1/2-1/2

[Event "Ulaanbaatar Chess Day"]
[Site "Ulaanbaatar"]
[Date "2020.09.23"]
[Round "2"]
[White "Batchuluun, Tsegmed"]
[Black "Gundavaa, Bayarsaihan"]
[Result "1/2-1/2"]
[WhiteElo "2534"]
[BlackElo "2493"]
[PlyCount "28"]
[EventDate "2020.09.22"]
[EventType "tourn"]
[EventRounds "9"]
[EventCountry "MGL"]
[SourceTitle "CBM 198 Extra"]
[Source "ChessBase"]
[SourceDate "2020.11.30"]
[SourceVersion "1"]
[SourceVersionDate "2020.11.30"]
[SourceQuality "1"]

1. d4 Nf6 2. c4 e6 3. g3 d5 4. Bg2 Be7 5. Nf3 0-0 6. 0-0 dxc4 7. Qc2 a6 8. Qxc4 b5 9. Qc2 Bb7 10. Bd2 Be4 11. Qc1 Bb7 12. Qc2 Be4 13. Qc1 Bb7 14. Qc2 Be4 1/2-1/2

[Event "Ulaanbaatar IM"]
[Site "Ulaanbaatar"]
[Date "2020.02.04"]
[Round "7"]
[White "Gundavaa, Bayarsaihan"]
[Black "Munkhgal, Gombosuren"]
[Result "1/2-1/2"]
[WhiteElo "2489"]
[BlackElo "2473"]
[PlyCount "54"]
[EventDate "2020.01.31"]
[EventType "tourn"]
[EventRounds "10"]
[EventCountry "MGL"]
[EventCategory "6"]
[SourceTitle "CBM 194 Extra"]
[Source "ChessBase"]
[SourceDate "2020.03.31"]
[SourceVersion "1"]
[SourceVersionDate "2020.03.31"]
[SourceQuality "1"]

1. e4 e6 2. d4 d5 3. e5 c5 4. c3 Nc6 5. Nf3 Qb6 6. a3 Nh6 7. b4 cxd4 8. cxd4 Nf5 9. Be3 Nxe3 10. fxe3 f6 11. exf6 gxf6 12. Bd3 Bh6 13. Qe2 Bd7 14. Nc3 0-0 15. Na4 Qc7 16. Nc5 b6 17. Nxd7 Qxd7 18. 0-0 Qd6 19. Rac1 Rac8 20. Rc2 f5 21. Rfc1 Ne7 22. Rxc8 Rxc8 23. Rxc8+ Nxc8 24. Ne5 Bg7 25. Nf3 Bh6 26. Ne5 Bg7 27. Nf3 Bh6 1/2-1/2

[Event "Ulaanbaatar IM"]
[Site "Ulaanbaatar"]
[Date "2020.02.02"]
[Round "4"]
[White "Khatanbaatar, Bazar"]
[Black "Gundavaa, Bayarsaihan"]
[Result "1/2-1/2"]
[WhiteElo "2329"]
[BlackElo "2489"]
[PlyCount "64"]
[EventDate "2020.01.31"]
[EventType "tourn"]
[EventRounds "10"]
[EventCountry "MGL"]
[EventCategory "6"]
[SourceTitle "CBM 194 Extra"]
[Source "ChessBase"]
[SourceDate "2020.03.31"]
[SourceVersion "1"]
[SourceVersionDate "2020.03.31"]
[SourceQuality "1"]

1. e4 e5 2. Nf3 Nc6 3. Bc4 Bc5 4. c3 Nf6 5. d4 exd4 6. e5 d5 7. Bb5 Ne4 8. cxd4 Bb6 9. Nc3 0-0 10. Be3 Bg4 11. Qc2 Bf5 12. Qa4 Ne7 13. 0-0 c6 14. Be2 Nxc3 15. bxc3 Ng6 16. Rfe1 f6 17. exf6 Qxf6 18. c4 dxc4 19. Bxc4+ Kh8 20. Ne5 Nxe5 21. dxe5 Qxe5 22. Bxb6 axb6 23. Qxa8 Qxe1+ 24. Rxe1 Rxa8 25. Re7 Rb8 26. Rc7 h6 27. f3 Bh7 28. Kf2 Bg8 29. Bxg8 Kxg8 30. a4 Ra8 31. Rxb7 Rxa4 32. Rxb6 Rc4 1/2-1/2

[Event "Wch Blitz"]
[Site "Moscow"]
[Date "2019.12.30"]
[Round "18"]
[White "Gasanov, Eldar"]
[Black "Gundavaa, Bayarsaihan"]
[Result "1-0"]
[WhiteElo "2481"]
[BlackElo "2489"]
[PlyCount "67"]
[EventDate "2019.12.29"]
[EventType "swiss (blitz)"]
[EventRounds "21"]
[EventCountry "RUS"]
[SourceTitle "CBM 193 Extra"]
[Source "ChessBase"]
[SourceDate "2020.01.31"]
[SourceVersion "1"]
[SourceVersionDate "2020.01.31"]
[SourceQuality "1"]

1. d4 Nf6 2. c4 e6 3. Nf3 d5 4. e3 a6 5. b3 c5 6. Bb2 cxd4 7. exd4 Nc6 8. Bd3 g6 9. 0-0 Bg7 10. Ba3 Bf8 11. Bxf8 Kxf8 12. c5 Kg7 13. Qd2 b6 14. b4 bxc5 15. bxc5 Qc7 16. Re1 Re8 17. Nc3 Ng4 18. Qg5 Nf6 19. Na4 a5 20. Nb6 Ra7 21. Rad1 Ba6 22. Bb1 Rb7 23. h4 Rbb8 24. Ne5 Nxd4 25. Rxd4 Qxc5 26. Rf4 Qe7 27. Nbd7 Ne4 28. Bxe4 Qxg5 29. Rxf7+ Kh6 30. hxg5+ Kxg5 31. f4+ Kh6 32. Ng4+ Kh5 33. Ndf6+ Kh4 34. Rxh7+ 1-0

[Event "Wch Blitz"]
[Site "Moscow"]
[Date "2019.12.30"]
[Round "21"]
[White "Gundavaa, Bayarsaihan"]
[Black "Lobanov, Sergei"]
[Result "0-1"]
[WhiteElo "2489"]
[BlackElo "2504"]
[PlyCount "73"]
[EventDate "2019.12.29"]
[EventType "swiss (blitz)"]
[EventRounds "21"]
[EventCountry "RUS"]
[SourceTitle "CBM 193 Extra"]
[Source "ChessBase"]
[SourceDate "2020.01.31"]
[SourceVersion "1"]
[SourceVersionDate "2020.01.31"]
[SourceQuality "1"]

1. d4 Nf6 2. c4 g6 3. Nc3 d5 4. Bf4 Bg7 5. e3 0-0 6. cxd5 Nxd5 7. Nxd5 Qxd5 8. Bxc7 Na6 9. Bxa6 Qxg2 10. Qf3 Qxf3 11. Nxf3 bxa6 12. b3 Bb7 13. Ke2 Rac8 14. Rhc1 f6 15. Rc5 Kf7 16. Rac1 Ke6 17. Nd2 Kd7 18. Ba5 Rxc5 19. dxc5 Rc8 20. Bb4 f5 21. Nc4 Bd5 22. Rd1 Ke6 23. Na5 g5 24. Rc1 g4 25. Kf1 Be5 26. Kg1 h5 27. Nc4 Bb8 28. Nd2 h4 29. Nf1 Be5 30. Rd1 a5 31. Ba3 a4 32. bxa4 Bxa2 33. Rc1 Bd5 34. Bb4 Bc6 35. a5 Rb8 36. Be1 Rb5 37. Ra1 0-1

[Event "Wch Blitz"]
[Site "Moscow"]
[Date "2019.12.29"]
[Round "8"]
[White "Alekseenko, Kirill"]
[Black "Gundavaa, Bayarsaihan"]
[Result "1-0"]
[WhiteElo "2704"]
[BlackElo "2489"]
[PlyCount "153"]
[EventDate "2019.12.29"]
[EventType "swiss (blitz)"]
[EventRounds "21"]
[EventCountry "RUS"]
[SourceTitle "CBM 193 Extra"]
[Source "ChessBase"]
[SourceDate "2020.01.31"]
[SourceVersion "1"]
[SourceVersionDate "2020.01.31"]
[SourceQuality "1"]

1. d4 d5 2. Nc3 Nf6 3. Bf4 a6 4. e3 e6 5. g4 c5 6. g5 cxd4 7. exd4 Ng8 8. Nf3 Nc6 9. h4 Bd6 10. Qd2 h5 11. 0-0-0 Nge7 12. Bd3 Qc7 13. Ne2 Nb4 14. Bxd6 Qxd6 15. Kb1 Nxd3 16. Qxd3 Bd7 17. Qd2 Ng6 18. Qe3 0-0-0 19. Ne5 Nxe5 20. dxe5 Qc7 21. Nd4 Kb8 22. f4 g6 23. Rd3 Rc8 24. Qd2 Qc5 25. Rhh3 Rc7 26. Rc3 Qa5 27. Nb3 Qb6 28. Rxc7 Kxc7 29. Rc3+ Kb8 30. Nc5 Bc6 31. Qd4 Qa5 32. a4 Rc8 33. b4 Qd8 34. Kb2 Be8 35. Kb3 Ka8 36. Kb2 Rc7 37. Rb3 Qc8 38. a5 Bb5 39. Rc3 Rc6 40. Kc1 Kb8 41. Kd2 Qc7 42. Ke3 Kc8 43. Ra3 Kb8 44. Ra1 Qc8 45. Rg1 Qc7 46. f5 exf5 47. Qxd5 Qe7 48. Rd1 Rc7 49. Kf4 Bc6 50. Qd6 Ka7 51. c4 Kb8 52. Qd8+ Ka7 53. Rd6 Bg2 54. Qxe7 Rxe7 55. b5 axb5 56. cxb5 Kb8 57. b6 Kc8 58. e6 fxe6 59. Ke5 f4 60. Kxf4 Rf7+ 61. Ke3 Bd5 62. Nxe6 Bxe6 63. Rxe6 Rf5 64. Rxg6 Rxa5 65. Rh6 Rb5 66. Rxh5 Rxb6 67. Rh6 Rb3+ 68. Kf4 Kd7 69. Rf6 Ke7 70. Kg4 Rb1 71. Rf2 b5 72. g6 b4 73. Kh5 b3 74. Kh6 b2 75. h5 Ke6 76. g7 Rg1 77. Rxb2 1-0

[Event "Wch Blitz"]
[Site "Moscow"]
[Date "2019.12.29"]
[Round "6"]
[White "Piorun, Kacper"]
[Black "Gundavaa, Bayarsaihan"]
[Result "1-0"]
[WhiteElo "2611"]
[BlackElo "2489"]
[PlyCount "78"]
[EventDate "2019.12.29"]
[EventType "swiss (blitz)"]
[EventRounds "21"]
[EventCountry "RUS"]
[SourceTitle "CBM 193 Extra"]
[Source "ChessBase"]
[SourceDate "2020.01.31"]
[SourceVersion "1"]
[SourceVersionDate "2020.01.31"]
[SourceQuality "1"]

1. g3 c5 2. Bg2 Nc6 3. e4 g6 4. Nc3 Bg7 5. d3 d6 6. Be3 Rb8 7. Nge2 Nd4 8. 0-0 e6 9. Qd2 Ne7 10. f4 0-0 11. Nd1 b5 12. Nc1 b4 13. c3 bxc3 14. bxc3 Ndc6 15. Ne2 Qa5 16. g4 f5 17. gxf5 exf5 18. Nf2 Be6 19. Nh3 h6 20. Kh1 d5 21. e5 d4 22. Bg1 Nd5 23. Rfc1 Rfd8 24. Qe1 dxc3 25. Nxc3 Nxc3 26. Qxc3 Qxc3 27. Rxc3 Nb4 28. Rxc5 Nxd3 29. Rc6 Kf7 30. Rc7+ Rd7 31. Rxd7+ Bxd7 32. Bxa7 Rb2 33. a4 g5 34. Rd1 g4 35. Rxd3 gxh3 36. Rxd7+ Ke6 37. Rxg7 hxg2+ 38. Rxg2 Rb4 39. Ra2 Rxf4 1-0

[Event "Wch Rapid"]
[Site "Moscow"]
[Date "2019.12.26"]
[Round "3"]
[White "Tissir, Mohamed"]
[Black "Gundavaa, Bayarsaihan"]
[Result "1/2-1/2"]
[WhiteElo "2379"]
[BlackElo "2489"]
[PlyCount "88"]
[EventDate "2019.12.26"]
[EventType "swiss (rapid)"]
[EventRounds "15"]
[EventCountry "RUS"]
[SourceTitle "CBM 193 Extra"]
[Source "ChessBase"]
[SourceDate "2020.01.31"]
[SourceVersion "1"]
[SourceVersionDate "2020.01.31"]
[SourceQuality "1"]

1. e4 c5 2. Nc3 Nc6 3. Bb5 Nd4 4. Bc4 e6 5. Nge2 Ne7 6. Nxd4 cxd4 7. Ne2 Nc6 8. 0-0 Be7 9. d3 0-0 10. Bb3 a5 11. a4 Rb8 12. f4 b5 13. f5 bxa4 14. Rxa4 Ba6 15. Ng3 Rxb3 16. cxb3 Ne5 17. Nh5 Bxd3 18. Bf4 Bxf1 19. Bxe5 f6 20. Bxd4 Bb5 21. Ra1 e5 22. Bxe5 Qb6+ 23. Bd4 Bc5 24. Bxc5 Qxc5+ 25. Kh1 Bc6 26. Qe1 Qe5 27. Rxa5 Qxb2 28. h3 Qxb3 29. Kh2 Re8 30. e5 fxe5 31. f6 g6 32. Ng7 Rf8 33. Rxe5 Qb2 34. Re2 Qxf6 35. Ne8 Qf4+ 36. Kg1 Qd4+ 37. Kh2 Qf4+ 38. Kg1 d5 39. Re7 d4 40. Qe6+ Kh8 41. Qxc6 Qf2+ 42. Kh2 Qf4+ 43. Kg1 Qf2+ 44. Kh2 Qf4+ 1/2-1/2

[Event "Wch Rapid"]
[Site "Moscow"]
[Date "2019.12.26"]
[Round "1"]
[White "Yu, Yangyi"]
[Black "Gundavaa, Bayarsaihan"]
[Result "1-0"]
[WhiteElo "2738"]
[BlackElo "2489"]
[PlyCount "65"]
[EventDate "2019.12.26"]
[EventType "swiss (rapid)"]
[EventRounds "15"]
[EventCountry "RUS"]
[SourceTitle "CBM 193 Extra"]
[Source "ChessBase"]
[SourceDate "2020.01.31"]
[SourceVersion "1"]
[SourceVersionDate "2020.01.31"]
[SourceQuality "1"]

1. e4 c5 2. Nf3 d6 3. d4 cxd4 4. Nxd4 Nf6 5. Nc3 a6 6. a4 Nc6 7. Nxc6 bxc6 8. Bd3 g6 9. a5 Bg7 10. 0-0 0-0 11. Be3 c5 12. Qd2 Bb7 13. Bh6 Qc7 14. Bxg7 Kxg7 15. Rfe1 Rfd8 16. b3 e6 17. Na4 d5 18. Qc3 Rac8 19. Nb6 Rb8 20. exd5 exd5 21. b4 c4 22. Bf1 Qd6 23. Rad1 Kg8 24. Nxc4 Qc6 25. Rd4 dxc4 26. Rxc4 Qd6 27. Qg3 Nd5 28. Re8+ Rxe8 29. Qxd6 Rbd8 30. Qg3 Re1 31. Rd4 Rc8 32. Qd3 Rd8 33. c4 1-0